Дело по жалобе коллежского регистратора Федора Константиновича на медленность могилевского губернского начальства во взыскании с...

Доступно только в Электронных читальных залах Найти на картеНа карте
RUSMARC
00003737nmc2a22000003x 450
001451bfff7-1c66-41cd-a481-5fb7a55a3b87
00520180626112858.0
100##$a20160907l18461859k l0rusy0189 ca
1010#$arus
102##$aRU
2001#$aДело по жалобе коллежского регистратора Федора Константиновича на медленность могилевского губернского начальства во взыскании с купца Раппопорта денег
$j16 января 1846 г. - 9 января 1859 г.
251##$cДело
300##$aДело
801#0$aRU
$bРГИА
$c20160907
$gRCR
801#1$aRU
$bГлавНИВЦ
$c20160907
$2rusmarc
801#2$aRU
$bПБ им. Б.Н. Ельцина
$c20180626
$gRCR
$2rusmarc
850##$aРГИА
852##$aРГИА
$eФедеральное казенное учреждение "Российский государственный исторический архив" (РГИА)
$j1474
937##$hРГИА
$d12208229
$aASBIBLIO_SCAN
462#0$1001a27eaba9-7cb9-40a7-a26f-8911768d1c13
$12001
$a1846-1847 гг. Дела Департамента полиции исполнительной за 1846 г.
$1251
$cОпись
$1852
$j10
461#0$10013e300ed0-cd39-49af-8489-5ba5b90fa401
$12001
$aДепартамент полиции исполнительной МВД
$1251
$cФонд
$1852
$j1286
215##$a22 л.
$d36,5х26 см
371##$aДокумент не является опубликованным и широко распространяемым
105##$ay###
1222#$ad
035##$a451bfff7-1c66-41cd-a481-5fb7a55a3b87
856##$uhttp://readingroom.main.prlib.ru/item.aspx?id_node=n116502361&mode=full
Формат отображения